000 00391nam a2200133 a 4500
001 000036489
005 20200930075747.0
008 120118p19uu ag 000 0 spa d
040 _aDO-SdBNP
_bspa
_cBNPHU
100 1 _aCanclini, Santiado
_962723
245 1 0 _aVictoria sobre el dolor /
_cSantiago Canclini.
260 _aBuenos Aires :
_bEditorial Verdad,
_c[199?].
300 _a63 p. ;
_c18 cm.
999 _c35980
_d35980